S, SS, Ç, C o Z - Statistics

General Stats
  • This quiz has been taken 16 times
    13 since last reset
  • The average score is 12 of 15
Answer Stats
Question Answer % Correct
¿Com s'escriu? Andalusia
100%
¿Com s'escriu? Comissió
100%
¿Com s'escriu? Esmorzar
100%
¿Com s'escriu? Forçut
100%
¿Com s'escriu? Llança
100%
¿Com s'escriu? Desembre
89%
¿Com s'escriu? Esbossos
89%
¿Com s'escriu? Felicitat
89%
¿Com s'escriu? Cassola
78%
¿Com s'escriu? Pedaços
78%
¿Com s'escriu? Pinzell
78%
¿Com s'escriu? Dansa
67%
¿Com s'escriu? Princesa
67%
¿Com s'escriu? Contrasenya
56%
¿Com s'escriu? Donzella
56%
No matching quizzes found
Score Distribution
Percent of People with Each Score
Percentile by Number Answered
Your Score History
You have not taken this quiz since the last reset